[Event "Julian Borowski-B 3rd"]
[Site "Essen"]
[Date "2001.05.07"]
[Round "5"]
[White "Naiditsch, Arkadij"]
[Black "Fridman, Daniel"]
[Result "1/2-1/2"]
[WhiteElo "2487"]
[BlackElo "2559"]
[Annotator "Huzman,A"]
[PlyCount "49"]
[EventDate "2001.05.02"]
[EventType "tourn"]
[EventRounds "9"]
[EventCountry "GER"]
[EventCategory "9"]
[SourceTitle "CBM 083"]
[Source "ChessBase"]
[SourceDate "2001.07.05"]
[SourceVersion "1"]
[SourceVersionDate "2001.07.05"]
[SourceQuality "1"]

1. e4 d6 2. d4 Nf6 3. Nc3 e5 4. Nf3 Nbd7 5. Bc4 Be7 6. O-O O-O 7. Re1 c6 8. a4
Qc7 9. b3 h6 10. Bb2 Re8 {Black are preparing to transfer a Knight to f8-g6 .}
11. Bd3 $6 {It is hard to understand idea behing this move. Over-protecting of
e4 pawn seems unnecesary.} (11. h3 Bf8 (11... Nh7 12. Ne2 Ng5 13. Ng3 g6 14.
Nh2 Nf6 15. h4 Ngh7 16. h5 $16 {1-0 Klovans,J-Federau,J/Berlin 1997/CBM 59 ext
(32)}) 12. a5 (12. Nh4 a5 13. Qd2 exd4 14. Qxd4 Qb6 15. Qxb6 Nxb6 16. Bf1 Nbd7
17. Nf3 Nc5 18. Nd2 $14 {1/2-1/2 Shaked,T-Lorscheid,G/Budapest 1997/CBM 58 ext
(45)}) 12... exd4 13. Nxd4 Ne5 (13... Nc5 14. Qf3 Be6 15. Bf1 Rad8 16. a6 bxa6
17. b4 Rb8 18. Ba3 Ncd7 19. Bxa6 Ne5 20. Qe2 Bd7 21. Qf1 d5 22. exd5 cxd5 23.
Nd1 Bxb4 $17 {1/2-1/2 Lanka,Z-Hennings,A/BL9394 1994/GER-chT (37)}) 14. Bf1 Ng6
15. g3 Bd7 16. Bg2 b5 17. axb6 axb6 18. Rxa8 Rxa8 19. Qd2 {1/2-1/2 Karolyi,
T-Lengyel,L/HUN-chT 1994/TD (19)}) (11. Nh4 Nf8 (11... Bf8 12. Nf5 Nb6 13. Bf1
g6 14. a5 Nbd7 15. Nh4 Bg7 16. Nf3 Nf8 17. dxe5 dxe5 18. Bc4 Be6 19. Qe2 b5 $11
{0-1 Aleman Dovo,M-Byrne,R/Pittsburgh 1946/EXT 99 (44)}) 12. dxe5 dxe5 13. Qf3
g6 14. Nd1 Be6 15. Ne3 N6d7 16. Qg3 Bg5 17. Bxe6 Nxe6 18. Nf3 Bf4 19. Qh3 Rad8
20. g3 Ng5 21. Qg2 Bxe3 22. Rxe3 Nc5 23. Nxg5 hxg5 {0-1 Henao,R-Castro,O/
Bucaramanga 1992 (45)}) (11. Qd2 Nf8 12. h3 Bd7 13. Rad1 Rad8 14. Qe3 a6 15.
Ne2 Ng6 16. Ng3 Bf8 17. Bf1 Bc8 18. dxe5 dxe5 19. Qc3 a5 $11 {1/2-1/2
Rymaszewski,D-Bienkowski,G/POL t-ch2 Lublin 1999 (33)}) 11... Bf8 (11... Nf8
$142 {[%cal Yf8e6,Yf8g6,Yc8g4]}) 12. Qd2 g6 13. Rad1 Bg7 14. Bf1 Nf8 {[%cal
Yc8g4]} 15. h3 (15. d5 cxd5 16. Nb5 Qd8 17. exd5 a6 18. Na3 e4 19. Nd4 Nxd5 $17
) 15... Ne6 16. d5 cxd5 17. Nxd5 (17. exd5 $5 Nf4 18. Nb5 Qd8 19. c4 $36 {<<})
17... Nxd5 18. Qxd5 (18. exd5 Nf4 19. Nd4 a6 $132) 18... Qxc2 19. Rd2 Qc5 20.
Qxd6 $11 Qxd6 21. Rxd6 Bf8 22. Rd5 Nc7 23. Rd3 (23. Rxe5 Be6 24. Bc4 Bd6 25.
Bxe6 fxe6 26. Rc1 Re7 27. Rd1 Bxe5 28. Nxe5 g5) (23. Rdd1 f6 24. Bc4+ Be6 (
24... Ne6) 25. Rd7 (25. Bxe6+ Nxe6 $11) 25... Bxc4 26. bxc4 Re7 27. Red1 Rxd7
28. Rxd7 Ne6 29. Rxb7 Nc5 $15) 23... f6 24. Rc1 Na6 25. Rdd1 1/2-1/2

[Event "Pamplona 0102"]
[Site "Pamplona"]
[Date "2001.12.29"]
[Round "3"]
[White "Moreno Carnero, Javier"]
[Black "Bologan, Viktor"]
[Result "1/2-1/2"]
[WhiteElo "2514"]
[BlackElo "2668"]
[Annotator "Huzman,A"]
[PlyCount "81"]
[EventDate "2001.12.27"]
[EventType "tourn"]
[EventRounds "9"]
[EventCountry "ESP"]
[EventCategory "14"]
[SourceTitle "CBM 087"]
[Source "ChessBase"]
[SourceDate "2002.03.21"]
[SourceVersion "1"]
[SourceVersionDate "2002.03.21"]
[SourceQuality "1"]

1. e4 d6 2. d4 Nf6 3. Nc3 e5 4. Nf3 Nbd7 5. Bc4 Be7 6. O-O O-O 7. Re1 c6 8. a4
a5 9. b3 exd4 10. Nxd4 (10. Qxd4 Ng4 11. Ba3 (11. h3 Bf6 (11... Nge5 12. Nxe5
dxe5 $11) 12. Qd2 Nge5 13. Be2 Nxf3+ 14. Bxf3 Ne5 (14... Be5 $1 $15 {[%cal
Gd8f6,Yd7c5,Yf7f5]} 15. Rb1 Nc5 16. Nd1 f5 17. exf5 Bxf5 18. Ba3 Ne6 19. Ne3
Ng5 $1 $36 {0-1 Medvegy,N-Oratovsky,M/Budapest 1999/CBM 73/[Oratovsky,M] (27)})
15. Be2 Qb6 16. Ba3 Rd8 17. Rad1 Be6 18. Qf4 Ng6 19. Qf3 Be5 20. Bf1 Rac8 21.
g3 $14 {1-0 Ponomariov,R-Mitkov,N/Panormo GRE 2001/ (30)}) 11... Bf6 12. Qd2
Nde5 13. Rad1 (13. Be2 Qb6 14. Rf1 Rd8 15. Rad1 Nxf3+ 16. Bxf3 Be6 17. h3 Ne5
18. Be2 d5 19. exd5 cxd5 20. Kh1 Rac8 21. Nb5 Ng6 22. Bd3 Nh4 23. Rfe1 h6 24.
Qf4 $14 {1/2-1/2 Bryson,D-Mitkov,N/Leon ESP 2001/ (36)}) (13. Bf1 Nxf2 $2 (
13... Qb6 $5 $36 {[%cal Rg4f2]}) 14. Kxf2 Ng4+ 15. Ke2 b5 16. axb5 cxb5 17. Bb2
Ba6 18. Kd1 $18 {Pcola,P-Petrov,J/SVK-CRO Piestany 1996 1-0 (21)}) 13... Qb6
14. Nxe5 Bxe5 15. h3 Nxf2 16. Qxf2 Qxf2+ 17. Kxf2 Bxc3 18. Re3 Bf6 19. Bxd6 Re8
20. Bc7 $14 {1-0 Hamdouchi,H-Oratovski,M/Mancha Real op 2000/Ajelibre (57)})
10... Nb6 (10... Nc5 11. Bb2 (11. Bf1 Qb6 12. Bb2 Rd8 13. Qf3 Ng4 14. Rad1 Bh4
15. g3 Bf6 16. h3 Ne5 17. Qe3 Be6 18. Ba3 Bc8 19. f4 $16 {1-0 Tischbierek,
R-Urban,J/BL9293 1993/GER-chT (41)}) 11... Re8 (11... Kh8 12. Qd2 Ng4 13. Rad1
Qb6 14. Bf1 Bf6 15. h3 Ne5 16. Qe3 Ng6 17. Nf5 Bxf5 18. exf5 Nh4 19. Nd5 cxd5
20. Bxf6 gxf6 21. Qd4 Nxf5 22. Qxf6+ Ng7 23. Rxd5 Qd8 24. Qh6 f6 $15 {1-0
Shirov,A-Hamdouchi,H/Barcelona ESP-tch 2000/ (40)}) 12. Qf3 (12. Qd2 Bf8 13. f3
Qb6 14. Kh1 Bd7 15. Rad1 Rad8 16. Qf4 Ne6 17. Nxe6 Bxe6 18. Bxe6 fxe6 19. e5
Nd5 20. Qd2 dxe5 21. Qg5 Be7 22. Qg3 Qc7 23. Ne4 Nf4 24. Rxd8 Rxd8 25. Nf2 Ng6
26. Qg4 Qd7 27. Nd3 $14 {1/2-1/2 Shirov,A-Beliavsky,A/BL 9900 2000 (59)}) 12...
Bf8 13. h3 Re5 14. Re3 g6 {1/2-1/2 Klovans,J-Shabanov,Y/Arco ITA 2001/ (14)})
11. Bf1 d5 12. e5 Ne8 (12... Ng4 13. h3 Bb4 14. Bb2 Nh6 $132 {M.Oratovsky}) 13.
Bd3 (13. Qh5 $5 f5 (13... g6 14. Qh6 Ng7 15. Bd3 $36) (13... c5 14. Nf3) 14.
Bd3 g6 15. Qh6 Ng7) 13... g6 14. Bh6 Ng7 {[%cal Ye7b4,Yb4e1]} 15. Nce2 Re8 16.
c3 Bg5 17. Bxg5 Qxg5 18. f4 $14 Qh6 19. Qc1 {Having a space advantage, White
naturally wouldn't allow his opponent to exchange the Bc8} (19. b4 Bg4) 19...
Bd7 20. Qe3 {[%cal Ge3b6]} Nc8 (20... c5 21. Nb5 Bxb5 22. Bxb5 Rec8 23. Rad1
$16) 21. Qf2 Ne7 22. b4 {The above-mentioned space advantage enables White to
develop a strong initiative on the Q-side} Rf8 {Black's counterplay is based
on an attempt to destroy the "e5" stronghold by the breakthrough f7-f6} 23.
bxa5 (23. Nc1 $5 Nef5 (23... f6 $140 24. e6) 24. Ncb3 Nxd4 25. Nxd4 Ne6 26. f5
Nxd4 27. Qxd4 $36) 23... f6 24. exf6 Rxf6 25. Rab1 Bc8 26. Nf3 (26. Qe3 $1 Ngf5
(26... Ne6 27. Qe5 Qf8 28. Nxe6 Rxe6 29. Qc7 $16) 27. Qe5 Qf8 28. Qc7 $16)
26... Ne6 27. Nfd4 $2 (27. Qb6 $1 Qf8 28. Ng5 $16) 27... Nc5 28. Bc2 Rxa5 $11
29. Qe3 Qf8 {[%cal Ye7f5]} 30. Ng3 Rf7 (30... Ne6 31. Nxe6 Rxe6 32. Qd4 (32.
Qd2 Rxe1+ 33. Rxe1 Nf5 $11) 32... c5 33. Qd2 Raa6) 31. c4 $1 dxc4 (31... Nxa4
32. Ra1 b5 33. cxb5 cxb5 34. Nxb5 $11) 32. Qc3 Ra8 33. Qxc4 Nd5 34. f5 $36 Kg7
35. Ne6+ $2 (35. Re5 $1 Qd6 36. Rbe1 $16) 35... Nxe6 36. fxe6 Rf4 (36... Re7
37. Rf1 Qe8 38. Qd4+ Kg8 39. Ne4 Rxe6 40. Rbe1 $40 {[%cal Gc2b3]}) 37. Qe2 (37.
Ne4 Qe7 38. Qd4+ Kg8 39. g3 Rf8 40. Bb3 Ra5 41. Rf1 $40) 37... Qe7 (37... Qc5+
38. Kh1 Nc3 39. Qd2 Rf2 40. Nf5+ $1 Rxf5 (40... Qxf5 41. Rxb7+ $1 Kg8 (41...
Bxb7 42. Qd7+ $18) 42. Qd8+ Qf8 43. e7 $18) 41. Bxf5 Nxb1 42. Bxb1 $16) 38.
Qe5+ Kg8 39. Bb3 Rf6 $1 $11 40. Bxd5 cxd5 41. Qxd5 (41. Qxd5 Ra6 42. Ne4 Rf5
$11) 1/2-1/2

[Event "DEN-ch"]
[Site "Horsens"]
[Date "2003.04.19"]
[Round "8"]
[White "Hansen, Sune Berg"]
[Black "Pedersen, Steffen"]
[Result "1-0"]
[WhiteElo "2537"]
[BlackElo "2443"]
[Annotator "Huzman,A"]
[PlyCount "75"]
[EventDate "2003.04.12"]
[EventType "tourn"]
[EventRounds "9"]
[EventCountry "DEN"]
[EventCategory "10"]
[SourceTitle "CBM 095"]
[Source "ChessBase"]
[SourceDate "2003.07.25"]
[SourceVersion "1"]
[SourceVersionDate "2003.07.25"]
[SourceQuality "1"]

1. e4 e5 2. Nf3 d6 3. d4 Nf6 4. Nc3 Nbd7 5. Bc4 Be7 6. O-O O-O 7. Re1 Nb6 8.
Bf1 exd4 9. Nxd4 c5 10. Nb3 (10. Nf5 Bxf5 11. exf5 d5 12. Qf3 h6 (12... d4 13.
Ne4 Qd5 14. Bg5 Qc6 15. g3 Rfe8 16. Bxf6 Bxf6 17. Nxf6+ gxf6 18. Qg4+ Kh8 19.
Bg2 Qd7 $11 {1/2-1/2 Smirnov,P-Kazakov,P/Nefteyugansk 2002/CBM 92(28)}) 13. a4
a6 14. a5 Nc8 15. g3 Qd7 16. Bg2 Rd8 17. h4 b5 18. Rd1 Ra7 19. Nxd5 $18 {
1-0 Mortensen,B-Shaw,J/Hastings 1995/CBM 50 ext (43)}) (10. Nde2 d5 11. exd5
Nbxd5 12. Nxd5 Nxd5 13. Nf4 Nxf4 14. Bxf4 Be6 15. Bd3 Qb6 16. Be5 $14 {1-0
Pozzi,E-Vicari,L/Cesenatico 1998/EXT 2000 (40)}) (10. Nf3 d5 11. exd5 (11. e5
Ne8 12. a4 d4 (12... a5 13. h3 Nc7 14. Bf4 Bd7 15. b3 Bc6 16. Bg3 Ne6 $11 {
1-0 Potkin,V-Ovetchkin,R/St Petersburg 2002/EXT 2003 (43)}) 13. Ne4 f5 14. exf6
Nxf6 15. Neg5 h6 16. Ne6 Bxe6 17. Rxe6 Qd7 18. Re1 Bd6 19. c3 dxc3 20. bxc3
Rae8 21. Qb3+ Qf7 22. Qxf7+ Kxf7 23. Rd1 Be5 24. Nxe5+ Rxe5 25. c4 $14 {
1/2-1/2 Nevednichy,V-Georgiev,V/Lido Estensi 2002/CBM 88 ext (59)}) 11... Nfxd5
12. Nxd5 Nxd5 13. Qe2 (13. Re5 Nf6 14. Qxd8 Bxd8 15. Rxc5 Bb6 16. Re5 Ng4 17.
Re2 Bf5 18. h3 Nxf2 19. Be3 Ne4 20. Bxb6 axb6 21. Nh4 Ng3 22. Nxf5 Nxf5 23. Re5
$16 {1-0 Zelcic,R-Biti,O/Ljubljana 2002/CBM 88 ext (59)}) 13... Be6 14. Qe4 Nb4
15. c3 Nc6 16. Bd3 g6 17. Bc4 Bf5 18. Qe3 $16 {1-0 Kulaots,K-Lorenz,G/Chemnitz
1998/EXT 99 (36)}) 10... d5 11. exd5 (11. e5 Ne8 12. a4 a5 13. Bd2 Be6 14. Nb5
Nc4 15. Bxc4 dxc4 $15 {0-1 Shomoev,A-Pridorozhni,A/Tomsk 2002/CBM 89 ext (55)})
11... c4 $2 (11... Nbxd5 12. Nxd5 Nxd5 13. Qf3 {[%cal Ge1d1,Gd1d8]} (13. c4 Nb4
14. Bf4 Be6 15. a3 Qxd1 16. Raxd1 Nc6 17. Bd3 Rad8 $11) 13... Nb4 14. c3 Nc6
15. Be3 Qb6 16. Qe4 Be6 17. Bc4 $16) 12. Nd4 (12. Bxc4 $5 Nxc4 13. Qe2 Nxd5 (
13... Na3 14. bxa3 Re8 15. Qd3 $16) 14. Qxc4 Nxc3 15. Qxc3 Bd6 (15... Bf6 16.
Qg3 Bf5 (16... Re8 17. Bg5 $1 $16) 17. c3 $16) 16. Be3 Qh4 (16... b6 17. Rad1
$16) 17. g3 Qh3 18. Bc5 $1 Bxc5 19. Nxc5 Bg4 (19... b6 20. Nd3 Bb7 21. Nf4 $16)
20. f3 Rac8 21. fxg4 b6 22. Re4 Rxc5 23. Qd3 $16) (12. Na5 $1 Bb4 (12... Qc7
13. Qd4 $1 Ng4 14. Bf4 Bc5 15. Qd2 Qd8 16. Ne4 $18) (12... Nbxd5 13. Nxd5 Nxd5
14. Nxc4 $16) 13. Nxc4 Bxc3 14. bxc3 Nbxd5 15. Qd4 $16) 12... Bb4 (12... Nfxd5
13. Nxd5 Nxd5 14. Bxc4 $18) 13. Bg5 Bxc3 14. bxc3 h6 15. Bh4 Nbxd5 (15... g5
16. Bg3 Qxd5 17. Re5 Qd8 18. Qf3 Nfd5 19. Nf5 $16) 16. Bxc4 Nxc3 17. Qd3 $16
Na4 18. Qd2 $6 (18. Qe3 $5 Nb6 19. Bb3 $16 {[%cal Ga1d1]}) 18... Qd6 19. Bg3
Qc5 20. Bd3 Rd8 (20... Qc3 21. Qe3 $1 Bd7 22. Nf3 Rfe8 23. Be5 $16) 21. Nb3 Qf8
$2 (21... Qb6 $1 22. Rab1 (22. Be5 Ng4 23. Qf4 Nxe5 24. Rxe5 Nb2 $132) 22...
Bf5 23. Na5 Ne4 24. Rxb6 Nxd2 25. Rxb7 Bxd3 26. cxd3 Rxd3 $14) 22. Bc7 $1 Rd7 (
22... Rd5 23. Be5 $16 {[%csl Rd5]}) 23. Be5 $1 $16 Ne8 (23... Ng4 24. Bd4 $1 {
[%csl Rg4]}) (23... Nh7 24. Bd4 {[%csl Ra4][%cal Gd2a5]} Nb6 25. Bc5 Qd8 26.
Qe3 $18) 24. Qf4 Nb6 25. Qf5 $1 g6 26. Qf3 $18 Rd8 27. Qg3 (27. Re2 $1 Qb4 28.
h3 $18) 27... Nd7 (27... Ng7 $1 28. Qh4 Kh7 29. Nd4 $40) 28. Bd4 {[%cal Gd3g6]}
Kh7 29. Qh4 (29. Re6 $1 Qg8 30. Bxg6+ fxg6 31. Re7+ $18) 29... Ng7 30. Re7 Ne6
31. Bc3 (31. Bxg6+ $1 Kxg6 32. Qe4+ f5 33. Rxe6+ $18) 31... Re8 32. Bxg6+ Kxg6
33. Qe4+ f5 (33... Kh5 34. g4+ (34. Rxe8 Qxe8 35. f3 $18) 34... Kh4 35. Be1 $1
Qxe7 36. f3+ Kh3 37. Qd3 $18 {[%cal Gd3f1,Gf1h3]}) 34. Rxe6+ Rxe6 35. Qxe6+ Nf6
36. Qe5 Bd7 37. Rd1 Re8 38. Qg3+ (38. Qg3+ Kh5 39. f3 Bc6 40. Rd4 $18) 1-0

[Event "Lippstadt 11th"]
[Site "Lippstadt"]
[Date "2003.08.09"]
[Round "3"]
[White "Jenni, Florian"]
[Black "Cyborowski, Lukasz"]
[Result "1/2-1/2"]
[WhiteElo "2508"]
[BlackElo "2550"]
[Annotator "Huzman,A"]
[PlyCount "57"]
[EventDate "2003.08.07"]
[EventType "tourn"]
[EventRounds "11"]
[EventCountry "GER"]
[EventCategory "9"]
[SourceTitle "CBM 097"]
[Source "ChessBase"]
[SourceDate "2003.11.11"]
[SourceVersion "1"]
[SourceVersionDate "2003.11.11"]
[SourceQuality "1"]

1. e4 d6 2. d4 Nf6 3. Nc3 e5 4. Nf3 Nbd7 5. Bc4 Be7 6. O-O O-O 7. Re1 c6 8. a4
b6 9. d5 cxd5 10. Nxd5 Bb7 11. b3 Rc8 12. Re2 Nxd5 13. Bxd5 Ba6 14. c4 Nf6 15.
Ne1 (15. Ba3 Qc7 (15... Qd7 16. Qd2 (16. h3 Rc7 17. Ne1 Bc8 18. Nc2 g6 19. Ne3
Nh5 20. Rd2 Nf4 21. Ba8 Ba6 22. Bxd6 Bxd6 23. Rxd6 Qe7 24. Bc6 $16 {1-0 Balogh,
C-Seres,L/Budapest 2001/CBM 81 ext (45)}) 16... Nxd5 17. exd5 $1 f5 18. Rae1
Bf6 19. h3 $1 Rfd8 20. Nh2 $14 {1-0 Hjartarson,J-Gretarsson,H/Reykjavik 1997/
CBM 62/[Hjartarson] (37)}) 16. Qd2 (16. Rd2 Bb7 17. Bxd6 Bxd6 18. Bxb7 Qxb7 19.
Rxd6 Qxe4 20. a5 $14 {1-0 Law,A-Summerscale,A/England 1997/EXT 99 (37)}) (16.
Ne1 Nxd5 17. Qxd5 Bb7 18. Qd3 f5 19. exf5 e4 20. Qg3 Rxf5 21. Rd1 d5 22. Qxc7
Rxc7 23. Bxe7 Rxe7 24. Nc2 dxc4 25. Ne3 Rc5 26. Nxc4 Bd5 $11 {1/2-1/2
Wirthensohn,H-Ekstroem,R/Baden 2001/EXT 2002 (46)}) 16... Nxd5 17. exd5 Rcd8
18. Bb4 Bc8 19. h3 Bf5 $132 {1/2-1/2 BRUTUS-Cyborowski,L/Lippstadt GER 2003/
(58)}) 15... Qd7 16. Nd3 Nxd5 17. exd5 Bb7 {[%cal Ya7a6,Yb6b5]} (17... f5 18.
f4 e4 19. Nb4 Bb7 20. Bb2 Qc7 21. Qd2 Rce8 22. Bd4 Bf6 23. Nc2 $14 {1/2-1/2
Kraut,R-Lorenz,G/Germany 1998/GER-chT (33)}) 18. f4 exf4 19. Bb2 (19. Bxf4 Bf6
20. Raa2 a6 $132 {[%cal Yb6b5]}) (19. Nxf4 Bf6 20. Bb2 Bxb2 21. Rxb2 Rfe8 22.
Qf3 Re5 $11 (22... Qf5 $5)) 19... Bg5 20. Rf2 Rce8 (20... Qf5 21. Qf3 Rce8 22.
Nxf4 Bxf4 (22... Re4 $2 23. Nh3 $1 $18) 23. Qxf4 Qxf4 24. Rxf4 $14) 21. Qh5 (
21. Nxf4 Bxf4 (21... Re4 22. Nh5 f6 (22... Be3 23. Bxg7 Qf5 24. Raa2 $16 (24.
Qf3 Qxf3 25. gxf3 Rh4 26. Bxf8 Kxf8 27. Ng3 Bxf2+ 28. Kxf2 Rxh2+ 29. Ke3 Rb2
30. Nf5 $14)) 23. Ng3 Ree8 24. Bd4 $14) 22. Rxf4 f6 $14) 21... Bh6 22. Nxf4 Re4
$132 23. Raf1 Rfe8 {[%tqu "En","Find the combination leading to a draw.","","",
"h5h6","",10]} 24. Qxh6 $5 gxh6 25. Nh5 Qc7 26. Nf6+ Kf8 27. Nxh7+ Kg8 28. Nf6+
Kf8 29. Nh7+ 1/2-1/2

[Event "Julian Borowski-B 3rd"]
[Site "Essen"]
[Date "2001.05.04"]
[Round "3"]
[White "Naiditsch, Arkadij"]
[Black "Appel, Ralf"]
[Result "1/2-1/2"]
[WhiteElo "2487"]
[BlackElo "2481"]
[Annotator "Huzman,A"]
[PlyCount "89"]
[EventDate "2001.05.02"]
[EventType "tourn"]
[EventRounds "9"]
[EventCountry "GER"]
[EventCategory "9"]
[SourceTitle "CBM 083"]
[Source "ChessBase"]
[SourceDate "2001.07.05"]
[SourceVersion "1"]
[SourceVersionDate "2001.07.05"]
[SourceQuality "1"]

1. e4 {Konikowski} e5 2. Nf3 d6 3. d4 exd4 4. Nxd4 g6 5. Bc4 Bg7 6. O-O Ne7 (
6... Nf6 {Konikowski} 7. Bg5 O-O 8. f4 Nbd7 9. Nc3 Re8 10. Nf3 c6 11. Qxd6 Qb6+
12. Kh1 Qxb2 13. Ne5 Nxe5 14. fxe5 Be6 15. Bxe6 Rxe6 16. Qd2 Ng4 17. Rab1 Qa3
18. Rxb7 Nxe5 $13 {Moe,M-Jacobsen,B/Vejle 1974/}) (6... Nc6 {Konikowski} 7. Be3
Nge7 8. Nc3 Ne5 9. Be2 h5 10. h3 Bd7 11. f4 N5c6 12. f5 gxf5 13. Nxf5 Nxf5 14.
exf5 Qh4 15. Rf4 Qg3 16. Re4+ Be5 17. Bf4 Qxf4 $4 (17... Qg7 $142 $13 {
Konikowski}) 18. Rxf4 Bxf4 19. Nd5 Be5 20. Nxc7+ Ke7 21. f6+ Kxf6 22. Nxa8 $18
{Mariani,S-Fulvi,F/Italy 1996/}) 7. Nc3 O-O 8. Bg5 h6 (8... c6 {Konikowski} 9.
a4 Nd7 10. Qd2 Nb6 11. Bb3 Bd7 12. a5 Nbc8 13. f4 $14 {Rau,J-Bornschein,K/
Stuttgart 1993/}) 9. Bh4 (9. Be3 $5 Nbc6 10. f4 $1 $36 {[%cal Gf4f5]} (10. Qd2
Kh7 11. f4 f5 $132)) 9... g5 10. Bg3 Nbc6 11. Nxc6 Nxc6 (11... bxc6 12. f4 gxf4
13. Bxf4 Ng6 14. Be3 (14. Qh5 Nxf4 15. Rxf4 Be6) 14... Ne5 15. Bb3 Qh4) 12. f4
$36 gxf4 13. Bxf4 Be6 14. Bb3 {'?!' Konikowski.} (14. Bxe6 $142 $5 {Konikowski}
fxe6 15. Qg4 $16) 14... Kh7 15. Ne2 (15. Qh5 $1 Ne5 (15... Nd4 16. Rad1 Nxb3
17. axb3 Qd7 18. h3 Qc6 {[%cal Yf7f5]} 19. Be3 $1 $16 {[%cal Ge3d4]}) 16. h3 (
16. Bxe6 fxe6 17. Bxe5 dxe5 (17... Bxe5 18. Rf7+ Bg7 19. Raf1 $36) 18. Rad1 $14
) 16... Ng6 17. Be3 Qe7 (17... Qh4 18. Qxh4 Nxh4 19. Nb5 $16) 18. Rad1 $36) (
15. Qh5 $5 {Konikowski}) 15... Qh4 16. c3 Rae8 $11 17. Ng3 {[%csl Rf5]} Be5 18.
Qd2 Rg8 $132 {[%cal Yg8g1]} 19. Rf2 Rg4 20. Raf1 Reg8 21. Bd1 Bxf4 22. Rxf4
Rxf4 23. Rxf4 Qg5 24. Nh5 Rg6 25. Qf2 Kh8 (25... Bxa2 26. Rf5 Qc1 27. Rxf7+ Kh8
28. Rf8+ Bg8 29. Qf1 Qxb2 (29... Qe3+ 30. Kh1 $36 (30. Qf2 Qc1 $11)) 30. Rf6 $1
$40) 26. h4 (26. a3 $11) 26... Qe5 27. Ng3 $2 (27. a3 $11) (27. Nf6 {Konikowski
} Bxa2 28. Rf5 Qg3 $11) 27... Qc5 $1 (27... Bxa2 28. Nf5 Be6 29. Bh5 Rg8 30.
Bxf7 (30. Qe3 {Konikowski} Bxf5 31. Rxf5 Qg7 32. Qf2 f6 33. Rxf6 Ne5 $13) 30...
Bxf7 31. Nxh6 Bg6 32. Nxg8 Kxg8 $13) 28. Qxc5 {'=' Konikowski.} dxc5 29. Nf5 {
'?' Konikowski.} (29. Kh2 $142 {Konikowski} Ne5 30. a3 Rg8 $11) 29... Bxa2 30.
Bh5 Rf6 31. g4 Ne5 $17 32. Kh2 (32. g5 hxg5 33. hxg5 Rb6 34. Rh4 Kg8 $17) 32...
Rb6 33. Kg3 Kh7 (33... a5 $5) 34. Rf2 Be6 35. Ne3 Rd6 (35... a5 $5) 36. g5 hxg5
37. hxg5 Rd3 (37... c4 $142 $5 $17 {Konikowski}) 38. Kf4 Ng6+ 39. Kf3 {'?'
Konikowski.} (39. Bxg6+ $142 {Konikowski} Kxg6 (39... fxg6 {Konikowski} 40. Ke5
Rxe3 41. Kxe6 Rxe4+ 42. Kf7 Rh4 43. Rf6 Re4 44. Rxg6 Re7+ 45. Kxe7 Kxg6 46. Kd7
b5 47. Kc6 b4 48. c4 Kxg5 49. Kxc5 Kf5 50. Kxb4 Ke4 51. Kb5 Kd4 52. b4 a6+ 53.
Kxa6 Kxc4 54. b5 Kb4 $11) 40. Rh2 Kg7 $11) 39... c4 (39... a5 $5 {[%cal Ya5a3]}
) 40. Ke2 b5 $2 (40... Ne5 41. Rf6 Kg7 $17) (40... Ne5 $142 $5 $17 {Konikowski}
) 41. Rf6 $132 Ne5 (41... Nh8 $5 $11 {Konikowski}) 42. g6+ Kg7 43. gxf7 $1 Bxf7
44. Rf5 $11 {[%cal Gf5b5]} Ng6 (44... Bxh5+ 45. Rxh5 Kf6 $2 46. Nd5+ $16) 45.
Bxg6 (45. Bxg6 Bxg6 46. Rxb5 Bxe4 47. Ra5 $11) 1/2-1/2

[Event "ROM-ch"]
[Site "Targoviste"]
[Date "2001.11.24"]
[Round "1"]
[White "Parligras, Mircea Emilian"]
[Black "Badea, Bela"]
[Result "1-0"]
[WhiteElo "2431"]
[BlackElo "2530"]
[Annotator "Huzman,A"]
[PlyCount "84"]
[EventDate "2001.11.23"]
[EventType "tourn"]
[EventRounds "15"]
[EventCountry "ROU"]
[EventCategory "9"]
[SourceTitle "CBM 087"]
[Source "ChessBase"]
[SourceDate "2002.03.21"]
[SourceVersion "1"]
[SourceVersionDate "2002.03.21"]
[SourceQuality "1"]

1. e4 d6 2. d4 Nf6 3. Nc3 e5 4. Nf3 Nbd7 5. Bc4 Be7 6. O-O O-O 7. Re1 c6 8. a4
Re8 (8... a5) 9. h3 Bf8 10. a5 {A double-edged continuation. White gains some
space on the Q-side, but at the same time makes it much easier for Black to
react with b7-b5} h6 11. Be3 (11. d5 b5 $5 12. Bb3 (12. axb6 Nxb6 13. Bb3 cxd5
14. Nxd5 Nbxd5 15. Bxd5 Nxd5 16. Qxd5 Be6 17. Qd3 Qc7 $132) (12. Bf1 cxd5 13.
Nxd5 a6 $132) 12... b4 13. dxc6 bxc3 14. cxd7 Bxd7 15. bxc3 Qc7 16. Qd3 Rec8
17. Bb2 Be6 $44) 11... Qc7 (11... exd4 $5 12. Bxd4 Qc7 13. Qd2 Ne5 14. Be2 Be6
$14 {/=}) 12. d5 $1 a6 (12... c5 13. a6 $16) 13. Qd3 c5 (13... Nc5 14. Qe2 Bd7
15. Nd2 $16) 14. Ne2 {[%cal Gc2c3,Gb2b4]} b5 15. axb6 Nxb6 16. Bb3 {While
enjoying a space advantage, White isn't too eager to exchange pieces} (16. Nd2
Nxc4 17. Nxc4 Bd7 18. b4 cxb4 19. Nb6 a5 $5 20. Nxa8 Rxa8 21. Reb1 Rb8 $44)
16... a5 (16... c4 17. Bxb6 $16) 17. c4 Bd7 (17... Ba6 18. Nd2) 18. Ra3 Reb8
19. Bc2 Be7 20. Ng3 a4 21. Nh4 Nc8 22. Nhf5 $6 {A dubious pawn sacrifice, but
strangely enough, Black doesn't grab at the oppportunity} (22. Ra2 $5) 22...
Bf8 $6 (22... Rxb2 23. Rea1 Qa7 24. Bc1 Rb6 $11) 23. Rb1 Ne7 24. Nxe7+ Bxe7 25.
Bc1 $16 {[%csl Ra4]} Nh7 26. Rba1 Bg5 27. Bxg5 Nxg5 28. Bxa4 Rxa4 {after 28...
Ba4 White can choose between the text and} ({After} 28... Bxa4 {White have
choise between continuation in the game and} 29. b3 Bc6 30. dxc6 Rxa3 31. Rxa3
Qxc6 32. h4 Ne6 33. Nf5 $16) 29. Rxa4 Bxa4 30. Rxa4 Rxb2 31. Nf5 {[%csl Rd6,
Rg5][%cal Gf5d6,Gf5g7][%mdl 4] This N-invasion proves decisive} f6 (31... Qb8
32. h4 Rb3 33. Qe2 Rb2 34. Qg4 $18) 32. h4 Nh7 (32... Nf7 33. Qg3 g5 34. Qg4
$16) 33. Qg3 $18 Rb8 34. Nxh6+ Kh8 35. Nf5 Rd8 36. Ra6 Nf8 37. h5 $1 Qf7 38.
Qg4 Nh7 39. Nxd6 Qc7 40. Nb5 Qf7 41. Ra7 Qg8 42. Qg6 Nf8 1-0